Report of the expert group meeting on the development of guidelines for the integration of gender perspectives into United Nations human rights activities and programmes (Record no. 3159)
[ view plain ]
| 000 -LEADER | |
|---|---|
| fixed length control field | 005640000a22001450004500 |
| 008 - FIXED-LENGTH DATA ELEMENTS--GENERAL INFORMATION | |
| fixed length control field | 230817t ||||| |||| 00| 0 eng d |
| 082 ## - DEWEY DECIMAL CLASSIFICATION NUMBER | |
| Classification number | 305.42 |
| Item number | UNI |
| 942 ## - ADDED ENTRY ELEMENTS (KOHA) | |
| Item Type | Reports |
| 110 ## - MAIN ENTRY--CORPORATE NAME | |
| Corporate Name | United Nations Development Fund for Women |
| 245 ## - TITLE STATEMENT | |
| Title | Report of the expert group meeting on the development of guidelines for the integration of gender perspectives into United Nations human rights activities and programmes |
| 260 ## - PUBLICATION, DISTRIBUTION, ETC. (IMPRINT) | |
| Place of Publication | Geneva: |
| Name of Publisher | United Nations Development Fund for Women, |
| Date of Copyright | 1995 |
| 300 ## - PHYSICAL DESCRIPTION | |
| Extent | 28 p. ; 28 cm |
| 650 ## - SUBJECT ADDED ENTRY--TOPICAL TERM | |
| Topical Term | Human rights |
| 650 ## - SUBJECT ADDED ENTRY--TOPICAL TERM | |
| Topical Term | Women's rights |
| Withdrawn status | Lost status | Damaged status | Not for loan | Permanent location | Current location | Date acquired | Total Checkouts | Full call number | Barcode | Date last seen | Price effective from | Koha item type |
|---|---|---|---|---|---|---|---|---|---|---|---|---|
| Resource center, Muslim Women's Research And Action Forum | Resource center, Muslim Women's Research And Action Forum | 2023-08-17 | 305.42 UNI | RAF3912 | 2023-08-17 | 2023-08-17 | Reports |

